[Event "San Jose Metropolitano op-B 45th"]
[Site "San Jose"]
[Date "2024.12.26"]
[Round "1"]
[White "Katusic, Tomislav"]
[Black "Sequeira Morales, Abraham"]
[Result "1-0"]
[WhiteElo "1849"]
[BlackElo "1482"]
[PlyCount "39"]
[EventDate "2024.12.26"]
[EventType "tourn"]
[EventRounds "9"]
[EventCountry "CRI"]
[SourceTitle "CB02_2025"]
[SourceDate "2025.01.08"]
[SourceVersion "1"]
[SourceVersionDate "2025.01.08"]
[SourceQuality "1"]

1. e4 c5 2. Nc3 Nc6 3. g3 g6 4. Bg2 Bg7 5. Nge2 Nf6 6. d3 0-0 7. Be3 d6 8. f3 Bd7 9. Qd2 Rb8 10. Bh6 Bxh6 11. Qxh6 Nd4 12. Kd2 Qa5 13. h4 Nxe2 14. Kxe2 b5 15. h5 Nxh5 16. g4 f5 17. gxh5 Be8 18. Nd5 Qd8 19. Nf4 gxh5 20. Ne6 1-0